<?xml version="1.0" encoding="UTF-8"?>
<collection xmlns="http://www.loc.gov/MARC21/slim">
 <record>
  <leader>01590nab a2200181 i 4500</leader>
  <controlfield tag="001">misc41845</controlfield>
  <controlfield tag="005">20191106140507.0</controlfield>
  <controlfield tag="008">180706s2014    hu      o     0||   zxx d</controlfield>
  <datafield tag="022" ind1=" " ind2=" ">
   <subfield code="a">1215-5233</subfield>
  </datafield>
  <datafield tag="040" ind1=" " ind2=" ">
   <subfield code="a">SZTE Miscellanea Repozitórium</subfield>
   <subfield code="b">hun</subfield>
  </datafield>
  <datafield tag="041" ind1=" " ind2=" ">
   <subfield code="a">zxx</subfield>
  </datafield>
  <datafield tag="100" ind1="1" ind2=" ">
   <subfield code="a">Prekopa Dóra</subfield>
  </datafield>
  <datafield tag="245" ind1="1" ind2="0">
   <subfield code="a">Kezünkben a varázstükör, avagy a reflektív gondolkodás fontossága a pedagógusképzésben</subfield>
   <subfield code="h">[elektronikus dokumentum] /</subfield>
   <subfield code="c"> Prekopa Dóra</subfield>
  </datafield>
  <datafield tag="260" ind1=" " ind2=" ">
   <subfield code="c">2014</subfield>
  </datafield>
  <datafield tag="300" ind1=" " ind2=" ">
   <subfield code="a">114-116</subfield>
  </datafield>
  <datafield tag="490" ind1="0" ind2=" ">
   <subfield code="a">Iskolakultúra</subfield>
   <subfield code="v">24 No. 6</subfield>
  </datafield>
  <datafield tag="520" ind1="3" ind2=" ">
   <subfield code="a">Szivák Judit új könyve a tanárképzés tartalmi megújítását segítheti elő. A szerző már több könyvet (Szivák, 2003, 2010a) jelentetett meg a reflektív gondolkodással, annak fejlesztésével kapcsolatban. Az előszóban és mintegy megerősítésként a könyv hátsó borítóján is kifejti a szerző, hogy munkájában nem az eredményes pedagógiai gyakorlatot kívánja bemutatni. Célja sokkal inkább az, hogy ösztönözze olvasóját az ismertetett elmélet és gyakorlat egyéni, adaptív értelmezésére, valamint alkalmazására. A könyv borítóján egy nő látható, aki tükröt tart a kezében, és a tükörben máshogy látja magát, mint amilyen. Az illusztráció alapján a reflektív gondolkodás egy olyan varázstükörhöz hasonlít, melynek segítségével önmagunk rejtett oldalára pillanthatunk, azonban ez a látásmód tanulással sajátítható el. Ehhez nyújt segítséget az itt bemutatott könyv</subfield>
  </datafield>
  <datafield tag="856" ind1="4" ind2="0">
   <subfield code="u">http://misc.bibl.u-szeged.hu/41845/1/EPA00011_iskolakultura_2014_06_114-116.pdf</subfield>
   <subfield code="z">Dokumentum-elérés </subfield>
  </datafield>
 </record>
</collection>
